Statistiques concernant Culture Générale - Série 1175

Cliquez ici pour prendre le quiz!

Statistiques générales

  • Ce quiz a été pris 37 fois
  • Le résultat moyen est 5 sur 10

Statistiques - réponses

Question Réponse % Correct
Quand on regrette amèrement une chose que l'on a faite, on dit familièrement que l'on s'en mord...les doigts
97%
Quel pays d'Europe est à la fois voisin de la Suisse et de la Hongrie ?Autriche
86%
Quel mot désigne à la fois l'enveloppe d'un haricot et, familièrement, une grande paresse ?cosse
72%
Quelle boisson est faite de limonade additionnée de sirop ?diabolo
69%
Chez l'homme, quel liquide incolore et filant lubrifie les articulations mobiles comme le genou ?synovie
50%
Sur une partition, quel mot italien, abrégé "pp", indique que le passage doit être joué tout doucement ?pianissimo
47%
Quel cinéaste, prénommé John, a adapté le roman de John Steinbeck “Les Raisins de la colère” en 1940 ?John Ford
39%
Quel nom spécifique donne-t-on à l'étendue boisée où les lapins vivent et se multiplient à l'état sauvage ?garenne
33%
Comment s'appelle la petite armoire qui occupe le milieu de l'autel d'une église et contient le ciboire ?tabernacle
25%
Dans l'émission “L'Île aux enfants” de Christophe Izard, comment s'appelle le renard qui vit dans une malle ?Léonard
6%

Distribution des résultats

Percentile par nombre de réponses

% des personnes avec chaque résultat

Votre développement - résultats

Vous n’avez pas pris ce quiz